| Tag |
First Indicator |
Second Indicator |
Subfields |
| LEADER |
00000cam a2200000 4500 |
| 001 |
in00000454841 |
| 005 |
20151012083439.0 |
| 008 |
750616s1962 nyu b 00000 eng u |
| 010 |
|
|
|a 62009989
|
| 035 |
|
|
|a (OCoLC)01393937
|
| 035 |
|
|
|9 ABX9985AM
|
| 040 |
|
|
|c HAM
|d TXA
|d UtOrBLW
|
| 049 |
|
|
|a TXAM
|c [404161]
|
| 050 |
|
0 |
|a F5
|b .H6
|
| 082 |
0 |
|
|a 388.1
|
| 090 |
|
|
|a F5
|b .H64 1962
|
| 092 |
|
|
|a 388.1
|b H724o
|
| 100 |
1 |
|
|a Holbrook, Stewart H.,
|d 1893-1964.
|
| 245 |
1 |
4 |
|a The Old Post Road :
|b the story of the Boston Post Road /
|c by Stewart H. Holbrook.
|
| 250 |
|
|
|a 1st ed.
|
| 264 |
|
1 |
|a New York :
|b McGraw-Hill,
|c [1962]
|
| 264 |
|
4 |
|c ©1962
|
| 300 |
|
|
|a 273 pages :
|b illustrations ;
|c 24 cm.
|
| 336 |
|
|
|a text
|b txt
|2 rdacontent
|
| 337 |
|
|
|a unmediated
|b n
|2 rdamedia
|
| 338 |
|
|
|a volume
|b nc
|2 rdacarrier
|
| 490 |
1 |
|
|a American trails series
|
| 504 |
|
|
|a Includes bibliography and index.
|
| 651 |
|
0 |
|a Boston Post Roads.
|
| 651 |
|
0 |
|a New England
|x Description and travel.
|
| 651 |
|
0 |
|a New York (State)
|x Description and travel.
|
| 830 |
|
0 |
|a American trails series.
|
| 999 |
|
|
|a MARS
|
| 999 |
f |
f |
|s 699de896-c2ed-3811-b03e-9ed0629c620c
|i d8f404f4-f8da-3cdd-8922-663fa68347a5
|t 0
|
| 952 |
f |
f |
|p ric
|a Texas A&M University
|b Rellis Campus
|c Joint Library Facility
|d Remote Storage
|t 0
|e F5 .H64 1962
|h Library of Congress classification
|i unmediated -- volume
|m A14800881932
|
| 952 |
f |
f |
|p noncirc
|a Texas A&M University
|b College Station
|c Cushing Memorial Library & Archives
|d Cushing: Kelsey Americana (Does not check out)
|t 0
|e F5 .H64 1962
|h Library of Congress classification
|i unmediated -- volume
|
| 998 |
f |
f |
|a F5 .H64 1962
|t 0
|l Remote Storage
|
| 998 |
f |
f |
|a F5 .H64 1962
|t 0
|l Cushing: Kelsey Americana (Does not check out)
|